| 000 | 00319nam a22001097a 4500 | ||
|---|---|---|---|
| 082 | _a080/DAS | ||
| 100 |
_aDas,Gaur Gopal _982097 |
||
| 245 | _aEnergize Your Mind Learn the Art Of Mastering your thought,Feelings and Emotions | ||
| 260 |
_aDelhi _bPenguin Random House _c2023 |
||
| 650 |
_aMotivational _917686 |
||
| 942 | _cBK | ||
| 999 |
_c66438 _d66438 |
||